Estado y política energética en Colombia : (Registro nro. 12435)

Detalles MARC
000 -LEADER
fixed length control field 01606nam a2200241Ia 4500
003 - CONTROL NUMBER IDENTIFIER
control field OSt
005 - DATE AND TIME OF LATEST TRANSACTION
control field 20210910115832.0
008 - FIXED-LENGTH DATA ELEMENTS--GENERAL INFORMATION
fixed length control field 210310s1989 ck gr 000 0 spa d
040 ## - CATALOGING SOURCE
Original cataloging agency CO-JMCR
Transcribing agency CO-JMCR
041 0# - LANGUAGE CODE
Language code of text/sound track or separate title spa
082 04 - DEWEY DECIMAL CLASSIFICATION NUMBER
Classification number 338.27282 /
Item number M488e
Edition number 23
100 1# - MAIN ENTRY--PERSONAL NAME
Personal name Medellín Torres Pedro,
Relator term autor
9 (RLIN) 28230
245 10 - TITLE STATEMENT
Title Estado y política energética en Colombia :
Remainder of title de la crisis petrolera al 'boom' de los proyectos energéticos /
Statement of responsibility, etc. Pedro Medellín Torres
250 ## - EDITION STATEMENT
Edition statement Primera adición
260 ## - PUBLICATION, DISTRIBUTION, ETC.
Place of publication, distribution, etc. Bogotá :
Name of publisher, distributor, etc. Cerec,
Date of publication, distribution, etc. 1989.
300 ## - PHYSICAL DESCRIPTION
Extent 92 páginas ;
Dimensions 18 cm.
505 0# - FORMATTED CONTENTS NOTE
Formatted contents note El peso macroeconómico del sector energético. -- La estructura institucional del sector energético. -- La gestión gubernamental.
520 0# - SUMMARY, ETC.
Summary, etc. EI choque petrolero de la década del E 70 fue crucial para la estructura eco nómica colombiana. No sólo so metió al país a una de las más difíciles coyunturas cambiarias y fiscales de la historia económica reciente sino que por sus características obligó quizás a la más importante redefinición en materia de políticas gubernamentales en los últimos años".<br/>FESCOL presenta este análisis de con junto del sector, referido de modo especial a los fenómenos acaecidos alrededor del carbón, el petróleo y la energía eléctrica en Colombia desde entonces. Con él, iniciados y profanos podrán encontrar a mano una representación global de estos decisivos procesos económicos
650 14 - SUBJECT ADDED ENTRY--TOPICAL TERM
Topical term or geographic name entry element Estructura energética
9 (RLIN) 40239
650 24 - SUBJECT ADDED ENTRY--TOPICAL TERM
Topical term or geographic name entry element Macroeconomía
Form subdivision Sector energético
9 (RLIN) 40240
650 24 - SUBJECT ADDED ENTRY--TOPICAL TERM
Topical term or geographic name entry element Proyectos energéticos
9 (RLIN) 40241
942 ## - ADDED ENTRY ELEMENTS (KOHA)
Source of classification or shelving scheme Dewey Decimal Classification
Koha item type Books
Existencias
Withdrawn status Lost status Source of classification or shelving scheme Damaged status Not for loan Home library Current library Shelving location Date acquired Source of acquisition Full call number Barcode Date last seen Copy number Price effective from Koha item type
    Dewey Decimal Classification     Biblioteca Pública José María del Castillo y Rada Biblioteca Pública José María del Castillo y Rada General Stacks 04/15/2018 Donación 338.27282 / M488e 430005291 05/16/2024 Ej.1 03/10/2021 Books